书目信息 |
| 题名: |
机械原理及机械零件
|
|
| 作者: | 余长庚 , 卢玉明 主编 | |
| 分册: | ||
| 出版信息: | 北京 人民教育出版社 1981 |
|
| 页数: | 322页 | |
| 开本: | 21cm | |
| 丛书名: | ||
| 单 册: | ||
| 中图分类: | TH13 | |
| 科图分类: | ||
| 主题词: | 机械元件 , 机械传动装置 | |
| 电子资源: | ||
| ISBN: | ||
| 000 | 00766nam0 2200289 45 | |
| 001 | 0181000258 | |
| 005 | 20040520174834.0 | |
| 010 | @dCNY1.10 | |
| 091 | @a15012.0328 | |
| 100 | @a19950613d1981 em y0chiy0121 ea | |
| 101 | 0 | @achi |
| 102 | @aCN@b110000 | |
| 105 | @ay z 000yy | |
| 106 | @ar | |
| 200 | 10 | @a机械原理及机械零件@Aji xie yuan li ji ji xie ling jian@f余长庚,卢玉明主编 |
| 205 | @a4版(修订本) | |
| 210 | @a北京@c人民教育出版社@d1981 | |
| 215 | @a322页@d21cm | |
| 300 | @a高等学校教材 | |
| 606 | 0 | @a机械元件 |
| 606 | 0 | @a机械传动装置 |
| 690 | @aTH13 | |
| 701 | 0 | @a余长庚@Ayu chang geng@4主编 |
| 701 | 0 | @a卢玉明@Alu yu ming@4主编 |
| 801 | 0 | @aCN@b上海图书馆@c20040520 |
| 801 | 2 | @aCN@bNLC@c20040520 |
| 905 | @f1@b55186@dTH13@e18 | |
| 机械原理及机械零件/余长庚,卢玉明主编.-4版(修订本).-北京:人民教育出版社,1981 |
| 322页;21cm |
| 高等学校教材 |
| ISBN :CNY1.10 |
| ● |
| 相关链接 |
|
|
|
|
正题名:机械原理及机械零件
索取号:TH13/18
 
预约/预借
| 序号 | 登录号 | 条形码 | 馆藏地/架位号 | 状态 | 备注 |
| 1 | 0055186 | 001365445 | 第三借阅区/ [索取号:TH13/18] | 在馆 | |
| 2 | 0055187 | 001365301 | 第二样本阅览室/ [索取号:TH13/18] | 在馆 |